| 000 | 00371nam a2200145Ia 4500 | ||
|---|---|---|---|
| 008 | 200103s9999||||xx |||||||||||||| ||und|| | ||
| 020 | _a9780071072762 | ||
| 040 | _aIMU-MPC | ||
| 082 | _aColumn-18 | ||
| 100 | _aISRD Group, Lucknow | ||
| 245 | 0 | _aInternet technology and web design | |
| 260 |
_bMcGraw-Hill Book Company, Inc. _c2016 |
||
| 300 | _axiii, 349 | ||
| 942 | _cBK | ||
| 999 |
_c6339 _d6339 |
||